|
|
|
|
| LEADER |
00931nam a22002177a 4500 |
| 001 |
AAL2131 |
| 003 |
BD-DhAAL |
| 005 |
20160318172529.0 |
| 008 |
160318m19821965bg ||||| |||| 00| 0 ben d |
| 040 |
|
|
|a BD-DhAAL
|c BD-DhAAL
|
| 082 |
|
|
|a 891.44
|
| 100 |
|
|
|a মনিরুজ্জামান, মোহাম্মদ
|9 18583
|
| 245 |
|
|
|a আধুনিক বাংলা সাহিত্য /
|c মোহাম্মদ মনিরুজ্জামান
|
| 260 |
|
|
|a ঢাকা :
|b বাংলা একাডেমী,
|c ১৯৮২
|
| 300 |
|
|
|a ১৬০ পৃ. ;
|c ২২ সে.মি.
|
| 541 |
|
|
|e 2131
|
| 650 |
|
|
|a Bengali Literature
|9 18584
|
| 852 |
|
|
|a Savar Campus Library
|c General Shelf
|
| 942 |
|
|
|2 ddc
|c BK
|
| 999 |
|
|
|c 37139
|d 37139
|
| 952 |
|
|
|0 0
|1 0
|2 ddc
|4 0
|6 891_440000000000000_MON
|7 0
|9 58407
|a SCL
|b SCL
|c GEN
|d 2016-03-18
|g 22.00
|l 3
|m 4
|o 891.44 MON
|p 3020002131
|q 2026-08-19
|r 2026-01-14
|s 2026-01-14
|t 1
|w 2016-03-18
|y BK
|